Statistics for European Capitals By Clue

Click here to take the quiz!

General Stats

  • This quiz has been taken 1,374 times
  • The average score is 8 of 10

Answer Stats

HintsAnswer% Correct
Second most populous city in the EU and it used to be split by a wallBerlin
99%
Landmarks include the Notre Dame and The LouvreParis
94%
It is one of the world's oldest cities, while one landmark is the AcropolisAthens
92%
The West End is famous, while the Shard is the tallest buildingLondon
90%
Has lots of canalsAmsterdam
77%
Northenmost capital of an EU member stateHelsinki
77%
Home to a football team called LazioRome
69%
Sometimes known as Venice Of The North and is known for its good quality of lifeStockholm
65%
Houses the largest parliamentary building in the world and is near the River DanubeBucharest
53%
The country that this city is in used to be part of Yugoslavia, while the city's population is 156,000Podgorica
46%

Score Distribution

Percentile by Number Answered

Percent of People with Each Score

Your Score History

You have not taken this quiz